00523nam a2200181 a 450000100100000000500170001000800410002702000150006804000250008308200210010810000230012924500700015225000120022226000450023430000300027949000160030983000160032500003388020200930070608.0100201s1990 sp a 000 0 spa d a8478800336 aDO-SdBNPbspacBNPHU axxxxbnnnn, 19901 aRico Godoy, Carmen10aComo ser una mujer y no morir en el intento /cCarmen Rico Godoy. a7a. ed. aMadrid :bEdiciones Temas de Hoy,c1990. a196 p. ; :bil. ;c20 cm.1 aEl Papagayo 0aEl Papagayo